000 00370nam a22001337a 4500
005 20260217112107.0
020 _a9781647404246
082 _a631.53 GIB.A
100 _aGibson, Lucca
_99979
245 _aApomixis : Evolution, mechanisms and molecular perspectives /
260 _aNew Delhi:
_bDiscovery publishing house,
_cc2023.
300 _a230 p.
942 _2ddc
_cBK
999 _c756204
_d756204